Coupe du monde des clubs 2025 : Les 32 clubs qualifiés - Statistiques

Statistiques générales
  • Ce quiz a été pris 84 fois
  • Le résultat moyen est 16 sur 32
Statistiques - réponses
Confédération Club % Correct
UEFA Real Madrid
99%
UEFA Paris Saint Germain
96%
UEFA Bayern Munich
95%
UEFA Manchester City
92%
UEFA Inter Milan
90%
UEFA Borussia Dortmund
85%
UEFA Juventus FC
81%
UEFA Chelsea FC
78%
UEFA Atletico Madrid
74%
CONMEBOL Botafogo
62%
CONCACAF Inter Miami
60%
CONMEBOL River Plate
58%
UEFA SL Benfica
58%
UEFA FC Porto
56%
AFC Al-Hilal
53%
CONMEBOL Boca Juniors
53%
CONMEBOL CR Flamengo
40%
UEFA RB Salzburg
37%
CAF Al Ahly
36%
CONMEBOL Palmeiras
32%
CAF Wydad Athletic Club
32%
CAF ES Tunis
29%
CONMEBOL Fluminense FC
29%
OFC Auckland City FC
25%
AFC Al Ain
19%
CONCACAF Monterrey
19%
CONCACAF Seattle Sounders
18%
CONCACAF Pachuca
15%
CAF Mamelodi Sundowns
12%
AFC Ulsan HD
8%
AFC Urawa Red Diamonds
8%
CONCACAF Club León
7%
Aucun quiz correspondant
Distribution des résultats
% des personnes avec chaque résultat
Percentile par nombre de réponses
Votre historique - résultats
Vous n’avez pas pris ce quiz